Všeobecná ruština pre mierne pokročilých II govorite po-russki?

Gespeichert in:
Bibliographische Detailangaben
1. Verfasser: Kvapil, Roman, 1971-
Körperschaft: Ekonomická univerzita v Bratislave. Fakulta aplikovaných jazykov
Weitere Verfasser: Dziváková, Michaela, 1979-, Rechtoríková, Gabriela, Kollár, Dezider, Strelková, Katarína
Format: Buch
Sprache:Russisch
Slowakisch
Veröffentlicht: Bratislava Vydavateľstvo EKONÓM 2017
Ausgabe:1. vyd.
Schlagworte:
Tags: Tag hinzufügen
Keine Tags, Fügen Sie das erste Tag hinzu!

MARC

LEADER 00000nam a2200000 4500
001 0235797
005 20240502073819.9
020 |a 978-80-225-4401-6 
041 0 |a rus 
041 0 |a slo 
044 |a SK 
245 1 0 |a Všeobecná ruština pre mierne pokročilých II  |b govorite po-russki?  |c Roman Kvapil, Michaela Dziváková, Gabriela Rechtoríková ; recenzenti: Dezider Kollár, Katarína Strelková 
250 |a 1. vyd. 
264 1 |a Bratislava  |b Vydavateľstvo EKONÓM  |c 2017 
300 |a 117 s. [7,63 AH] 
610 2 0 |a jazykoveda 
610 2 0 |a terminológia 
610 2 0 |a jazyky cudzie 
100 1 |a Kvapil, Roman, 1971- 
700 1 |a Dziváková, Michaela, 1979- 
700 1 |a Rechtoríková, Gabriela 
700 1 |a Kollár, Dezider 
700 1 |a Strelková, Katarína 
710 2 |a Ekonomická univerzita v Bratislave. Fakulta aplikovaných jazykov